[Event "RUS-ch U20"]
[Site "Ekaterinburg"]
[Date "2024.04.13"]
[Round "7"]
[White "Pingin, Artem"]
[Black "Popov, Konstantin"]
[Result "1/2-1/2"]
[WhiteElo "2409"]
[BlackElo "2372"]
[PlyCount "81"]
[EventDate "2024.04.07"]
[EventType "tourn"]
[EventRounds "9"]
[EventCountry "RUS"]
[EventCategory "7"]
[SourceTitle "CB16_2024"]
[SourceDate "2024.04.17"]
[SourceVersion "1"]
[SourceVersionDate "2024.04.17"]
[SourceQuality "1"]

1. e4 c5 2. Nf3 d6 3. d4 cxd4 4. Nxd4 Nf6 5. Nc3 a6 6. h3 e5 7. Nf3 h6 8. Bc4 Be7 9. Nh4 Nc6 10. a3 0-0 11. Ng6 Re8 12. Be3 Be6 13. Nxe7+ Qxe7 14. Nd5 Bxd5 15. Bxd5 Nd4 16. 0-0 Nxd5 17. exd5 Rac8 18. Rc1 Qh4 19. Re1 Nf5 20. Bb6 Qc4 21. b3 Qb5 22. Be3 Nxe3 23. Rxe3 Qc5 24. a4 b5 25. axb5 axb5 26. c4 f5 27. Rg3 Rf8 28. Rg6 e4 29. Qe2 bxc4 30. bxc4 Kh7 31. Re6 Rce8 32. Qd2 Rxe6 33. dxe6 Qe5 34. Rd1 Qxe6 35. Qxd6 Qxd6 36. Rxd6 Rc8 37. Rd4 Kg6 38. g4 Kf6 39. gxf5 Kxf5 40. Kg2 Ke5 41. Rd5+ 1/2-1/2

[Event "RUS-ch U20"]
[Site "Ekaterinburg"]
[Date "2024.04.07"]
[Round "1"]
[White "Makarian, Rudik"]
[Black "Popov, Konstantin"]
[Result "1-0"]
[WhiteElo "2524"]
[BlackElo "2372"]
[PlyCount "85"]
[EventDate "2024.04.07"]
[EventType "tourn"]
[EventRounds "9"]
[EventCountry "RUS"]
[EventCategory "7"]
[SourceTitle "CB16_2024"]
[SourceDate "2024.04.17"]
[SourceVersion "1"]
[SourceVersionDate "2024.04.17"]
[SourceQuality "1"]

1. e4 c5 2. Ne2 d6 3. g3 g6 4. Bg2 Bg7 5. c3 Nc6 6. d4 cxd4 7. cxd4 Bg4 8. f3 Bd7 9. Nbc3 a6 10. Be3 b5 11. 0-0 Nf6 12. b3 0-0 13. Qd2 b4 14. Na4 Rb8 15. Nb2 Na7 16. Rac1 Bb5 17. Nd3 Nd7 18. Rc2 a5 19. Rfc1 Ba6 20. h4 Nb5 21. Rd1 Rc8 22. Rxc8 Qxc8 23. Rc1 Qb8 24. Bh3 Qb7 25. h5 Rc8 26. Rxc8+ Qxc8 27. h6 Bf8 28. Kg2 Qc7 29. Qc1 Nc3 30. Nxc3 Bxd3 31. Ne2 Qb7 32. Nf4 Bb5 33. Nd5 Bc6 34. Nf4 Nf6 35. d5 Bb5 36. Bc8 Qb8 37. Nxg6 fxg6 38. Be6+ Kh8 39. Bd4 Qd8 40. g4 Bd7 41. g5 a4 42. gxf6 exf6 43. Qc7 1-0

[Event "Titled Tuesday intern op 02nd Apr Early"]
[Site "Chess.com INT"]
[Date "2024.04.02"]
[Round "4"]
[White "Korchmar, Vasiliy"]
[Black "Popov, Konstantin"]
[Result "1/2-1/2"]
[WhiteElo "2424"]
[BlackElo "2372"]
[PlyCount "137"]
[EventDate "2024.04.02"]
[EventType "swiss (blitz)"]
[EventRounds "11"]
[EventCountry "USA"]
[SourceTitle "CB15_2024"]
[SourceDate "2024.04.10"]
[SourceVersion "1"]
[SourceVersionDate "2024.04.10"]
[SourceQuality "1"]

1. e4 c6 2. d4 d5 3. exd5 cxd5 4. Bd3 Nf6 5. h3 g6 6. Nf3 Bg7 7. 0-0 Nc6 8. c3 0-0 9. Bf4 Bf5 10. Bxf5 gxf5 11. Nbd2 e6 12. Ne1 Ne4 13. Nd3 Kh8 14. f3 Nf6 15. Nb3 Rg8 16. Kh1 Nh5 17. Bh2 Qg5 18. g4 Nf6 19. Rg1 h5 20. gxh5 Qxh5 21. Nf4 Qh7 22. Nc5 Nh5 23. Nxh5 Qxh5 24. Nxb7 f4 25. Rg4 Rab8 26. Nd6 Rxb2 27. Nxf7+ Qxf7 28. Rh4+ Bh6 29. Rxh6+ Kg7 30. Rh4 Ne7 31. Bxf4 Nf5 32. Be5+ Kf8 33. Rg4 Qh5 34. Qf1 Ne3 35. Rxg8+ Kxg8 36. Qg1+ Rg2 37. Qxg2+ Nxg2 38. Kxg2 Qg6+ 39. Kh1 Qc2 40. Rg1+ Kf8 41. Rg7 Qxa2 42. Rb7 a5 43. h4 Qf2 44. Ra7 Qxh4+ 45. Kg2 Qg5+ 46. Kh3 Qd8 47. Rb7 Qg5 48. Ra7 Qf5+ 49. Kg3 Qg6+ 50. Kh3 Qh6+ 51. Kg3 Qd2 52. Rxa5 Qe1+ 53. Kh3 Qxc3 54. Ra7 Qxf3+ 55. Kh4 Qf5 56. Rc7 Ke8 57. Kg3 Kd8 58. Rg7 Kc8 59. Kh4 Qe4+ 60. Kg5 Qf5+ 61. Kh6 Kd8 62. Ra7 Ke8 63. Rc7 Kd8 64. Rg7 Qe4 65. Kg5 Qf5+ 66. Kh6 Qf3 67. Kg5 Qh3 68. Kg6 Qf5+ 69. Kh6 1/2-1/2

[Event "Titled Tuesday intern op 02nd Apr Early"]
[Site "Chess.com INT"]
[Date "2024.04.02"]
[Round "10"]
[White "Popov, Konstantin"]
[Black "Sonis, Francesco"]
[Result "1-0"]
[WhiteElo "2372"]
[BlackElo "2562"]
[PlyCount "63"]
[EventDate "2024.04.02"]
[EventType "swiss (blitz)"]
[EventRounds "11"]
[EventCountry "USA"]
[SourceTitle "CB15_2024"]
[SourceDate "2024.04.10"]
[SourceVersion "1"]
[SourceVersionDate "2024.04.10"]
[SourceQuality "1"]

1. e4 c5 2. Nf3 Nc6 3. d4 cxd4 4. Nxd4 g6 5. c4 Bg7 6. Be3 Nf6 7. Nc3 d6 8. Be2 0-0 9. 0-0 a5 10. f3 Bd7 11. b3 Nxd4 12. Bxd4 Bc6 13. Qd2 Nd7 14. Bf2 Nc5 15. Rab1 f5 16. exf5 gxf5 17. Rfe1 e6 18. Rbd1 Be5 19. Bf1 Qf6 20. Rxe5 dxe5 21. Bxc5 Rfd8 22. Bd6 e4 23. c5 exf3 24. gxf3 Bxf3 25. Re1 Kh8 26. Kf2 Be4 27. Nxe4 fxe4+ 28. Kg1 Rg8+ 29. Bg3 Raf8 30. Bg2 Rg4 31. Qd6 Kg8 32. Rf1 1-0

[Event "Titled Tuesday intern op 02nd Apr Early"]
[Site "Chess.com INT"]
[Date "2024.04.02"]
[Round "2"]
[White "Shuvalov, Evgenij"]
[Black "Popov, Konstantin"]
[Result "0-1"]
[WhiteElo "1993"]
[BlackElo "2372"]
[PlyCount "130"]
[EventDate "2024.04.02"]
[EventType "swiss (blitz)"]
[EventRounds "11"]
[EventCountry "USA"]
[SourceTitle "CB15_2024"]
[SourceDate "2024.04.10"]
[SourceVersion "1"]
[SourceVersionDate "2024.04.10"]
[SourceQuality "1"]

1. d4 Nf6 2. c4 e6 3. Nf3 d5 4. Nc3 c5 5. cxd5 Nxd5 6. e4 Nxc3 7. bxc3 cxd4 8. cxd4 Bb4+ 9. Bd2 Bxd2+ 10. Qxd2 0-0 11. h4 b6 12. h5 Bb7 13. Bd3 Nd7 14. e5 h6 15. Rh3 Kh8 16. Rg3 Bxf3 17. Rxf3 Qh4 18. Bb5 Rad8 19. Rh3 Qe4+ 20. Qe3 Qxg2 21. Bf1 Qg5 22. Qxg5 hxg5 23. h6 gxh6 24. Rxh6+ Kg7 25. Rh3 f6 26. exf6+ Nxf6 27. Rd1 Ne4 28. Rh2 Rf4 29. Rc1 Rxd4 30. Rc7+ Kf6 31. Rxa7 Nc3 32. Be2 Rde4 33. f3 Rxf3 34. Kd2 Rg3 35. Bd3 Rd4 36. Kxc3 Rgxd3+ 37. Kc2 Rf3 38. Ra8 g4 39. Rg8 Ra4 40. Kb2 Ke5 41. Re2+ Re4 42. Rxe4+ Kxe4 43. Rxg4+ Kd5 44. Rb4 Kc5 45. Re4 Rf6 46. Kb3 Kd5 47. Rb4 e5 48. Rb5+ Kd4 49. Rb4+ Kd3 50. Rb5 e4 51. Rd5+ Ke2 52. Re5 e3 53. Kc2 Rc6+ 54. Kb2 Kd2 55. Rd5+ Ke1 56. Rf5 e2 57. a4 Rc5 58. Rf6 Kd2 59. Rd6+ Ke3 60. Re6+ Kd3 61. Rd6+ Ke4 62. Rxb6 e1Q 63. Re6+ Re5 64. Rxe5+ Kxe5 65. a5 Qxa5 0-1

[Event "Titled Tuesday intern op 12th Mar Late"]
[Site "Chess.com INT"]
[Date "2024.03.12"]
[Round "8"]
[White "Bluebaum, Matthias"]
[Black "Popov, Konstantin"]
[Result "1/2-1/2"]
[WhiteElo "2655"]
[BlackElo "2364"]
[PlyCount "228"]
[EventDate "2024.03.12"]
[EventType "swiss (blitz)"]
[EventRounds "11"]
[EventCountry "USA"]
[SourceTitle "CB12_2024"]
[SourceDate "2023.10.01"]
[SourceVersion "1"]
[SourceVersionDate "2023.10.01"]
[SourceQuality "1"]

1. d4 Nf6 2. c4 e6 3. Nc3 Bb4 4. e3 0-0 5. Bd2 b6 6. Nf3 Bb7 7. Bd3 d6 8. 0-0 Nbd7 9. a3 Bxc3 10. Bxc3 a5 11. b4 Ne4 12. Bb2 f5 13. Nd2 Qh4 14. f3 Nxd2 15. Qxd2 e5 16. d5 f4 17. exf4 Qxf4 18. Qxf4 Rxf4 19. g3 Rf7 20. Bc3 axb4 21. axb4 Rxa1 22. Bxa1 Rf8 23. Bb2 Ra8 24. Ra1 Rxa1+ 25. Bxa1 b5 26. cxb5 Bxd5 27. Kf2 Kf7 28. Ke3 g6 29. f4 Ke6 30. g4 exf4+ 31. Kxf4 Ne5 32. Bc2 h6 33. g5 hxg5+ 34. Kxg5 Nf3+ 35. Kxg6 Nxh2 36. Bf6 Bc4 37. Bf5+ Kd5 38. Bd7 Nf3 39. Bc6+ Ke6 40. Bxf3 Bxb5 41. Bc3 c5 42. Kg5 cxb4 43. Bxb4 Kd7 44. Kf4 Bc6 45. Bg4+ Kc7 46. Ke3 Kb7 47. Kd4 Ka8 48. Bd2 Bb7 49. Kc3 Bc6 50. Kb4 Bb7 51. Ka5 Bc6 52. Kb6 Bb7 53. Bd7 Bh1 54. Bc8 Bg2 55. Bf4 Bh1 56. Bg5 Bg2 57. Bg4 Bh1 58. Bh3 Bb7 59. Bf1 Bh1 60. Bd8 Bf3 61. Ba6 Bh1 62. Bc7 Bf3 63. Bb5 Bh1 64. Bd8 Bf3 65. Bd7 Bh1 66. Bg4 Bg2 67. Be7 Bh1 68. Bh3 Bf3 69. Bf1 Bh1 70. Be2 Bg2 71. Kb5 Bh1 72. Kc4 Bg2 73. Kd4 Bh1 74. Ke3 Bb7 75. Kf2 Bc6 76. Bh4 Bb7 77. Bg3 Bc6 78. Bd3 Bb7 79. Bb5 Bd5 80. Ke3 Bb7 81. Bxd6 Bh1 82. Kf2 Bb7 83. Bd3 Bc6 84. Kg1 Bb7 85. Bh2 Bc6 86. Bf1 Bb7 87. Kf2 Bc6 88. Ke3 Bb7 89. Kd4 Bc6 90. Kc5 Bh1 91. Kb6 Bf3 92. Bh3 Bh1 93. Bg4 Be4 94. Be6 Bh1 95. Bd6 Bg2 96. Bd7 Bh1 97. Kc7 Bg2 98. Be6 Bh1 99. Bh3 Bf3 100. Bc5 Bh1 101. Bf5 Bg2 102. Kd6 Bh1 103. Ke5 Bg2 104. Be3 Bh1 105. Bf2 Bb7 106. Bg1 Bc6 107. Kd6 Bb7 108. Bd7 Bh1 109. Kc7 Bg2 110. Bb5 Bh1 111. Bf1 Bf3 112. Bh3 Bh1 113. Bd7 Bg2 114. Bc6+ Bxc6 1/2-1/2

[Event "Titled Tuesday intern op 12th Mar Late"]
[Site "Chess.com INT"]
[Date "2024.03.12"]
[Round "11"]
[White "Bortnyk, Olexandr"]
[Black "Popov, Konstantin"]
[Result "1-0"]
[WhiteElo "2608"]
[BlackElo "2364"]
[PlyCount "99"]
[EventDate "2024.03.12"]
[EventType "swiss (blitz)"]
[EventRounds "11"]
[EventCountry "USA"]
[SourceTitle "CB12_2024"]
[SourceDate "2023.10.01"]
[SourceVersion "1"]
[SourceVersionDate "2023.10.01"]
[SourceQuality "1"]

1. e4 c5 2. c3 d5 3. exd5 Qxd5 4. d4 e6 5. Be3 cxd4 6. cxd4 Bb4+ 7. Nc3 Bd7 8. Nf3 Nf6 9. Bd3 Bb5 10. 0-0 Bxc3 11. bxc3 Nbd7 12. Rb1 Bxd3 13. Qxd3 0-0 14. c4 Qc6 15. Rfc1 Rac8 16. h3 h6 17. Qa3 a6 18. Bf4 Rfd8 19. Bd6 Ne4 20. Be7 Re8 21. d5 exd5 22. Nd4 Qg6 23. cxd5 Nc3 24. Rxb7 Qd3 25. Rb3 Qxd4 26. Rbxc3 Rxc3 27. Rxc3 Qd1+ 28. Kh2 Qxd5 29. Re3 a5 30. f4 h5 31. Rd3 Qe6 32. Bh4 Qf5 33. Qd6 Nf8 34. Rd5 Qe4 35. Rxh5 Ng6 36. Bg3 Qc2 37. f5 Nf8 38. f6 Re2 39. fxg7 Rxg2+ 40. Kh1 Rh2+ 41. Bxh2 Qe4+ 42. Kg1 Qe1+ 43. Kg2 Qe2+ 44. Kg3 Qe3+ 45. Kg4 Ng6 46. Qb8+ Kxg7 47. Be5+ f6 48. Qc7+ Kf8 49. Bd6+ Kg8 50. Qh7# 1-0

[Event "Moscow-ch op Superfinal"]
[Site "Ershovo"]
[Date "2024.03.01"]
[Round "10"]
[White "Afanasiev, Nikita"]
[Black "Popov, Konstantin"]
[Result "1-0"]
[WhiteElo "2540"]
[BlackElo "2364"]
[PlyCount "97"]
[EventDate "2024.02.23"]
[EventType "swiss"]
[EventRounds "10"]
[EventCountry "RUS"]
[SourceTitle "CB10_2024"]
[SourceDate "2024.03.06"]
[SourceVersion "1"]
[SourceVersionDate "2024.03.06"]
[SourceQuality "1"]

1. c4 e6 2. Nc3 d5 3. d4 Nf6 4. cxd5 Nxd5 5. e4 Nxc3 6. bxc3 Nd7 7. Nf3 Be7 8. Bd3 b6 9. Qe2 Bb7 10. h4 c5 11. h5 Qc7 12. Bb2 Rd8 13. Rd1 h6 14. Rh3 c4 15. Bc2 b5 16. Rg3 Kf8 17. a4 bxa4 18. Ra1 Rb8 19. Bc1 Bc6 20. Qxc4 Nb6 21. Qa2 Qb7 22. Rg4 Rc8 23. Rb1 Bd7 24. Bd2 a3 25. Ne5 Bd6 26. Bf4 Qc7 27. Rg3 Be8 28. Rf3 Kg8 29. Ng6 Bxf4 30. Nxf4 Qe7 31. Bb3 Kh7 32. Ra1 e5 33. Nd5 Qh4 34. Rh3 Qg4 35. Ne3 Qg5 36. Bxf7 Rf8 37. Bxe8 Rfxe8 38. Qxa3 exd4 39. cxd4 Rxe4 40. Kf1 Rxd4 41. Qb2 Rd7 42. Kg1 Nd5 43. Rg3 Qxh5 44. Ra5 Rcc7 45. Qb1+ Kh8 46. Rxd5 Rxd5 47. Qb8+ Kh7 48. Qxc7 Qe5 49. Nxd5 1-0

[Event "Moscow-ch op Superfinal"]
[Site "Ershovo"]
[Date "2024.02.26"]
[Round "5"]
[White "Popov, Konstantin"]
[Black "Ponkratov, Pavel"]
[Result "1/2-1/2"]
[WhiteElo "2364"]
[BlackElo "2614"]
[PlyCount "102"]
[EventDate "2024.02.23"]
[EventType "swiss"]
[EventRounds "10"]
[EventCountry "RUS"]
[SourceTitle "CB10_2024"]
[SourceDate "2024.03.06"]
[SourceVersion "1"]
[SourceVersionDate "2024.03.06"]
[SourceQuality "1"]

1. e4 e6 2. d4 d5 3. Nc3 Bb4 4. e5 c5 5. a3 Bxc3+ 6. bxc3 Nc6 7. Qg4 g6 8. h4 h6 9. a4 Bd7 10. Nf3 Qa5 11. Bd2 c4 12. g3 0-0-0 13. Bh3 f5 14. Qf4 Nge7 15. Qe3 Rdg8 16. Kf1 Nd8 17. Bc1 Bxa4 18. Kg1 Nec6 19. g4 fxg4 20. Bxg4 b5 21. Ne1 Ne7 22. Ng2 Nf5 23. Qd2 Qc7 24. Ba3 Qh7 25. Bc5 Nf7 26. Rh3 h5 27. Bxf5 gxf5 28. Kh2 Rg4 29. f3 Rg7 30. Rg3 Rxg3 31. Kxg3 Rg8+ 32. Kh2 Nh8 33. Rg1 Kb7 34. Nf4 Rxg1 35. Kxg1 Qh6 36. Be7 Nf7 37. Kf2 Bxc2 38. Ke3 Bd3 39. Qg2 Qh7 40. Bf6 a5 41. Nxe6 f4+ 42. Nxf4 Nh6 43. Qa2 Bb1 44. Qb2 b4 45. cxb4 a4 46. Bg5 Ng4+ 47. fxg4 Qe4+ 48. Kd2 hxg4 49. b5 g3 50. Qb4 Qc2+ 51. Ke1 Qf2+ 1/2-1/2

[Event "Titled Tuesday intern op 13th Feb Early"]
[Site "Chess.com INT"]
[Date "2024.02.13"]
[Round "10"]
[White "Popov, Konstantin"]
[Black "Hakobyan, Aram"]
[Result "0-1"]
[WhiteElo "2364"]
[BlackElo "2619"]
[PlyCount "88"]
[EventDate "2024.02.13"]
[EventType "swiss (blitz)"]
[EventRounds "11"]
[EventCountry "USA"]
[SourceTitle "CB08_2024"]
[SourceDate "2024.02.21"]
[SourceVersion "1"]
[SourceVersionDate "2024.02.21"]
[SourceQuality "1"]

1. e4 e5 2. Nf3 Nc6 3. Bb5 a6 4. Ba4 Nf6 5. 0-0 Be7 6. d3 b5 7. Bb3 d6 8. a4 b4 9. a5 0-0 10. Nbd2 Rb8 11. Nc4 h6 12. h3 Be6 13. Be3 Qc8 14. Qe2 Rd8 15. Nfd2 d5 16. Ba4 dxc4 17. Bxc6 Rd6 18. Bc5 Rxc6 19. Bxe7 cxd3 20. cxd3 Nd7 21. Rfc1 Rxc1+ 22. Rxc1 Rb5 23. Nf3 Qe8 24. Bh4 c5 25. Ra1 f6 26. Bg3 Qd8 27. Nh4 Rxa5 28. Rc1 Ra2 29. Nf5 Qe8 30. Qc2 Bxf5 31. exf5 Qf7 32. f3 a5 33. Bf2 a4 34. Bxc5 Nxc5 35. Qxc5 Rxb2 36. Qc8+ Kh7 37. Qe6 Qa7+ 38. Kh1 Qf2 39. Rg1 a3 40. Qe8 Qg3 41. d4 exd4 42. Qe4 a2 43. f4 d3 44. Rc1 Rb1 0-1

[Event "Titled Tuesday intern op 06th Feb Early"]
[Site "Chess.com INT"]
[Date "2024.02.06"]
[Round "3"]
[White "Ocelak, Jakub"]
[Black "Popov, Konstantin"]
[Result "0-1"]
[WhiteElo "2183"]
[BlackElo "2364"]
[PlyCount "96"]
[EventDate "2024.02.06"]
[EventType "swiss (blitz)"]
[EventRounds "11"]
[EventCountry "USA"]
[SourceTitle "CB07_2024"]
[SourceDate "2024.02.14"]
[SourceVersion "1"]
[SourceVersionDate "2024.02.14"]
[SourceQuality "1"]

1. d4 Nf6 2. Nc3 d5 3. Bf4 a6 4. e3 c5 5. dxc5 Nc6 6. Nf3 Bg4 7. Bg3 e6 8. Na4 Ne4 9. c3 Nxc5 10. Nxc5 Bxc5 11. Be2 0-0 12. 0-0 b5 13. Nd4 Bxe2 14. Qxe2 Qd7 15. Nb3 Bd6 16. e4 Bxg3 17. hxg3 dxe4 18. Qxe4 Rfd8 19. a4 Rab8 20. Nc5 Qc8 21. axb5 Rxb5 22. b4 a5 23. Qc4 Rb8 24. Na6 Rb6 25. b5 Ne5 26. Qxc8 Rxc8 27. Rxa5 Rxc3 28. Rd1 h5 29. Nb4 Rb3 30. Nc6 R6xb5 31. Rxb5 Rxb5 32. Nxe5 Rxe5 33. f3 Kh7 34. Rd7 Kg6 35. Kh2 Rd5 36. Rc7 f6 37. Rb7 Rd2 38. Ra7 e5 39. Re7 Kh6 40. Rf7 Rd8 41. Re7 Kg6 42. Kh3 Rf8 43. Kh2 Rf7 44. Re6 Kf5 45. Ra6 Rc7 46. Ra4 g5 47. Rb4 g4 48. Ra4 Rc3 0-1

[Event "Titled Tuesday intern op 06th Feb Early"]
[Site "Chess.com INT"]
[Date "2024.02.06"]
[Round "4"]
[White "Popov, Konstantin"]
[Black "Poltorak, Sebastian"]
[Result "1-0"]
[WhiteElo "2364"]
[BlackElo "2379"]
[PlyCount "103"]
[EventDate "2024.02.06"]
[EventType "swiss (blitz)"]
[EventRounds "11"]
[EventCountry "USA"]
[SourceTitle "CB07_2024"]
[SourceDate "2024.02.14"]
[SourceVersion "1"]
[SourceVersionDate "2024.02.14"]
[SourceQuality "1"]

1. e4 Nc6 2. d4 d5 3. e5 Bf5 4. c3 f6 5. f4 Qd7 6. Bd3 Nh6 7. Ne2 0-0-0 8. 0-0 e6 9. b4 fxe5 10. fxe5 Bxd3 11. Qxd3 Nf5 12. Nd2 Be7 13. a4 Rdf8 14. Nb3 Nh4 15. Bd2 Ng6 16. b5 Nd8 17. a5 Rxf1+ 18. Kxf1 Rf8+ 19. Kg1 Qe8 20. b6 axb6 21. axb6 c6 22. Bg5 Kd7 23. Bxe7 Kxe7 24. Nc5 Qf7 25. Qe3 h6 26. Ng3 Nh4 27. Rf1 Qe8 28. Rf4 g5 29. Rf2 Qg6 30. Rxf8 Kxf8 31. Qf2+ Ke7 32. h3 Qf7 33. Qxf7+ Kxf7 34. Kf1 Ng6 35. Ne2 Nf8 36. Nc1 Ke7 37. N1d3 Nd7 38. Nxd7 Kxd7 39. Nc5+ Ke7 40. Kf2 Kf7 41. Ke3 Kg6 42. g4 Kf7 43. Kd3 Ke7 44. Kc2 Ke8 45. Kb3 Ke7 46. Kb4 Ke8 47. Ka5 Ke7 48. Nxb7 Nxb7+ 49. Ka6 Nd8 50. b7 Nxb7 51. Kxb7 Kd7 52. Kb6 1-0

[Event "Titled Tuesday intern op 06th Feb Early"]
[Site "Chess.com INT"]
[Date "2024.02.06"]
[Round "7"]
[White "Popov, Konstantin"]
[Black "Pranesh, M."]
[Result "1/2-1/2"]
[WhiteElo "2364"]
[BlackElo "2538"]
[PlyCount "126"]
[EventDate "2024.02.06"]
[EventType "swiss (blitz)"]
[EventRounds "11"]
[EventCountry "USA"]
[SourceTitle "CB07_2024"]
[SourceDate "2024.02.14"]
[SourceVersion "1"]
[SourceVersionDate "2024.02.14"]
[SourceQuality "1"]

1. e4 e5 2. Nf3 Nc6 3. Bb5 a6 4. Ba4 Nf6 5. 0-0 Bc5 6. Nc3 0-0 7. d3 d6 8. Bg5 h6 9. Bh4 Bg4 10. h3 Bxf3 11. Qxf3 Nd4 12. Qd1 c6 13. Ne2 g5 14. Bg3 Ne6 15. c3 Ba7 16. Bc2 Nf4 17. Kh1 Qe7 18. Bh2 Nxe2 19. Qxe2 Rae8 20. Rae1 Bb8 21. d4 Nd7 22. dxe5 dxe5 23. Rd1 Nc5 24. b4 Ne6 25. Bb3 Nf4 26. Qf3 Rd8 27. g3 Ng6 28. Kg2 Kg7 29. Qf5 Bc7 30. a4 a5 31. b5 Qc5 32. Rd7 Rxd7 33. Qxd7 Qxc3 34. Rb1 cxb5 35. Qxb5 Rd8 36. Qxb7 Rd2 37. Bg1 Nh8 38. Rd1 Rb2 39. Rd7 Rxb3 40. Qxc7 Qf3+ 41. Kh2 Qxe4 42. Qxa5 Rb1 43. Qd5 Qe1 44. Qg2 Ra1 45. Ra7 e4 46. Re7 Rxa4 47. f3 Ng6 48. Rxe4 Rxe4 49. fxe4 Kg8 50. Bd4 Qd1 51. Qf2 Qd3 52. Qf6 Qe2+ 53. Kg1 Qd1+ 54. Kh2 Qd2+ 55. Kg1 Qc1+ 56. Kh2 Qc2+ 57. Kg1 Qb1+ 58. Kh2 Qc2+ 59. Kg1 Qd1+ 60. Kh2 Qd2+ 61. Kg1 Qe1+ 62. Kh2 Qe2+ 63. Kg1 Qd1+ 1/2-1/2

[Event "Titled Tuesday intern op 06th Feb Early"]
[Site "Chess.com INT"]
[Date "2024.02.06"]
[Round "11"]
[White "Popov, Konstantin"]
[Black "Volkov, Maksim"]
[Result "1-0"]
[WhiteElo "2364"]
[BlackElo "2302"]
[PlyCount "69"]
[EventDate "2024.02.06"]
[EventType "swiss (blitz)"]
[EventRounds "11"]
[EventCountry "USA"]
[SourceTitle "CB07_2024"]
[SourceDate "2024.02.14"]
[SourceVersion "1"]
[SourceVersionDate "2024.02.14"]
[SourceQuality "1"]

1. e4 e6 2. d4 d5 3. Nc3 Bb4 4. e5 c5 5. a3 Bxc3+ 6. bxc3 Qa5 7. Bd2 Qa4 8. Qb1 c4 9. h4 Nc6 10. h5 h6 11. g3 Nge7 12. Bh3 Bd7 13. Ne2 0-0-0 14. Nf4 Rdf8 15. 0-0 Nd8 16. Kh2 g5 17. Ng2 f5 18. exf6 Rxf6 19. Ne3 Rff8 20. Ng4 Be8 21. Ne5 Bxh5 22. Qb4 Qxb4 23. axb4 a6 24. b5 axb5 25. Bc1 b4 26. cxb4 Be8 27. b5 Bxb5 28. Ba3 Rh7 29. Bd6 Ba6 30. Rfb1 Nf7 31. Rxa6 Nxd6 32. Ra8+ Kc7 33. Rxf8 Ne4 34. Bxe6 Nxf2 35. Rxf2 1-0

[Event "Titled Tuesday intern op 16th Jan Early"]
[Site "Chess.com INT"]
[Date "2024.01.16"]
[Round "9"]
[White "Bardyk, Artem"]
[Black "Popov, Konstantin"]
[Result "1-0"]
[WhiteElo "2206"]
[BlackElo "2364"]
[PlyCount "127"]
[EventDate "2024.01.16"]
[EventType "swiss (blitz)"]
[EventRounds "11"]
[EventCountry "USA"]
[SourceTitle "CB04_2024"]
[SourceDate "2023.10.16"]
[SourceVersion "1"]
[SourceVersionDate "2023.10.16"]
[SourceQuality "1"]

1. e4 c5 2. c3 d5 3. exd5 Qxd5 4. Nf3 Nf6 5. Na3 Nc6 6. Bc4 Qd8 7. d4 e6 8. 0-0 a6 9. Nc2 b5 10. Be2 Bb7 11. a4 b4 12. Be3 Nd5 13. Qd2 Be7 14. dxc5 bxc3 15. bxc3 Nxe3 16. Nxe3 Bxc5 17. Rab1 Qc7 18. Nd4 0-0 19. Bf3 Na5 20. Bxb7 Nxb7 21. Rfd1 Rfc8 22. Qa2 Nd6 23. g3 Rab8 24. Rxb8 Rxb8 25. Qe2 Ne4 26. Qxa6 Nxc3 27. Rd3 Ne4 28. Nxe6 Qe7 29. Nxc5 Nxc5 30. Qd6 Qxd6 31. Rxd6 Nxa4 32. Rd7 g6 33. Ng4 Kg7 34. Ne5 Rf8 35. g4 Nc5 36. Ra7 g5 37. Kg2 Ne6 38. Kg3 h6 39. h4 Nf4 40. hxg5 hxg5 41. Nf3 Ne6 42. Ne1 Rd8 43. Ng2 Rd3+ 44. Ne3 Kg6 45. Kf3 Rb3 46. Ra8 Nd4+ 47. Ke4 Rb4 48. Nd5 Rc4 49. Kd3 Rc2 50. Kxd4 Rxf2 51. Rg8+ Kh6 52. Rh8+ Kg7 53. Rh5 Kg6 54. Rh8 Kg7 55. Ra8 Rg2 56. Ne3 Rf2 57. Ke4 Rf4+ 58. Kd3 Kg6 59. Ra6+ Kh7 60. Ke2 f6 61. Rc6 Kg7 62. Rc4 Kg6 63. Rxf4 gxf4 64. Nf5 1-0

[Event "Titled Tuesday intern op 16th Jan Late"]
[Site "Chess.com INT"]
[Date "2024.01.16"]
[Round "2"]
[White "Popov, Konstantin"]
[Black "Srinath, Rao SV"]
[Result "1-0"]
[WhiteElo "2364"]
[BlackElo "2260"]
[PlyCount "54"]
[EventDate "2024.01.16"]
[EventType "swiss (blitz)"]
[EventRounds "11"]
[EventCountry "USA"]
[SourceTitle "CB04_2024"]
[SourceDate "2023.10.16"]
[SourceVersion "1"]
[SourceVersionDate "2023.10.16"]
[SourceQuality "1"]

1. e4 c6 2. d4 d5 3. e5 Bf5 4. h4 h5 5. Bd3 Bxd3 6. Qxd3 e6 7. Nf3 Qa5+ 8. Nbd2 Qa6 9. c4 Nd7 10. b3 Ne7 11. 0-0 Nf5 12. Rd1 Be7 13. g3 Rd8 14. Nf1 0-0 15. Ne3 dxc4 16. bxc4 Nc5 17. Qc2 Nxe3 18. Bxe3 Qa4 19. Qe2 Ne4 20. Rac1 Ba3 21. Rc2 Bb4 22. Rd3 Qa5 23. a3 Be7 24. Bf4 Qa4 25. Rc1 f5 26. exf6 Nxf6 27. Qxe6+ Rf7 1-0

[Event "Titled Tuesday intern op 16th Jan Early"]
[Site "Chess.com INT"]
[Date "2024.01.16"]
[Round "3"]
[White "Sahib, Singh"]
[Black "Popov, Konstantin"]
[Result "0-1"]
[WhiteElo "2290"]
[BlackElo "2364"]
[PlyCount "100"]
[EventDate "2024.01.16"]
[EventType "swiss (blitz)"]
[EventRounds "11"]
[EventCountry "USA"]
[SourceTitle "CB04_2024"]
[SourceDate "2023.10.16"]
[SourceVersion "1"]
[SourceVersionDate "2023.10.16"]
[SourceQuality "1"]

1. e4 c5 2. Nf3 d6 3. d4 Nf6 4. Nc3 cxd4 5. Nxd4 a6 6. Be3 e5 7. Nf3 Be7 8. Bc4 0-0 9. 0-0 Nc6 10. Bb3 Na5 11. Re1 h6 12. Nd5 Nxb3 13. axb3 Nxd5 14. Qxd5 Qc7 15. c4 Be6 16. Qd1 b5 17. Nd2 Rfb8 18. Qc2 Qb7 19. Ra2 a5 20. Rea1 a4 21. bxa4 Rxa4 22. Rxa4 bxa4 23. Ra2 Qc6 24. Rxa4 Rxb2 25. Qxb2 Qxa4 26. Qc1 Qb4 27. Qc2 Bg5 28. Bxg5 hxg5 29. h3 g4 30. hxg4 Bxg4 31. Qd3 Be6 32. g3 Kf8 33. Kg2 Ke7 34. f4 f6 35. Qc2 Qa3 36. Nf3 Qe3 37. fxe5 fxe5 38. c5 dxc5 39. Nxe5 Kf6 40. Nc4 Qd4 41. Nd2 c4 42. Nf3 Qe3 43. e5+ Kf7 44. Qf2 Qe4 45. Kh2 Kg8 46. Ng5 Qxe5 47. Nxe6 Qxe6 48. Qd4 Qc6 49. Qd8+ Kh7 50. Qh4+ Qh6 0-1

[Event "Titled Tuesday intern op 16th Jan Late"]
[Site "Chess.com INT"]
[Date "2024.01.16"]
[Round "3"]
[White "Siniauski, Artsiom"]
[Black "Popov, Konstantin"]
[Result "0-1"]
[WhiteElo "2204"]
[BlackElo "2364"]
[PlyCount "100"]
[EventDate "2024.01.16"]
[EventType "swiss (blitz)"]
[EventRounds "11"]
[EventCountry "USA"]
[SourceTitle "CB04_2024"]
[SourceDate "2023.10.16"]
[SourceVersion "1"]
[SourceVersionDate "2023.10.16"]
[SourceQuality "1"]

1. e4 c5 2. Nf3 d6 3. c3 Nf6 4. Be2 Bd7 5. Qc2 Nc6 6. 0-0 g6 7. a3 Bg7 8. d4 Rc8 9. d5 Nb8 10. c4 a6 11. Nc3 0-0 12. Re1 Bg4 13. h3 Bxf3 14. Bxf3 Nbd7 15. Be3 Rb8 16. b4 Ne8 17. Rab1 cxb4 18. axb4 Rc8 19. Qb3 b5 20. c5 dxc5 21. bxc5 Nxc5 22. Bxc5 Rxc5 23. Ne2 Nd6 24. Nf4 Rc3 25. Qa2 Nc4 26. Rbd1 Qd6 27. Ne2 Ra3 28. Qc2 Rc8 29. Bg4 Rc7 30. Qb1 h5 31. Bf3 Ra1 32. Qb3 Ra3 33. Qb1 Ra1 34. Qb3 Qa3 35. Qxa3 Rxa3 36. Nd4 Bxd4 37. Rxd4 Ne5 38. Be2 g5 39. Bxh5 Rc2 40. Re2 Ra1+ 41. Kh2 Rxe2 42. Bxe2 Ra2 43. Bd1 Rxf2 44. d6 exd6 45. Rxd6 Rf1 46. Bb3 Rb1 47. Bd5 a5 48. Ra6 a4 49. h4 gxh4 50. Kh3 Rh1# 0-1